| 000 | 00979nam a2200277Ia 4500 | ||
|---|---|---|---|
| 003 | OSt | ||
| 005 | 20220930081459.0 | ||
| 006 | a|||||r|||| 00| 0 | ||
| 007 | ta | ||
| 008 | 220926b |||||||| |||| 00| 0 eng d | ||
| 024 | _a105318 | ||
| 037 | _cTheses | ||
| 040 |
_aCRL _cCRL _beng |
||
| 041 |
_2eng _aeng |
||
| 100 |
_aBorgohain Prakash _9541448 |
||
| 110 | _aUniversity of Delhi. Faculty of Science. Department of Zoology | ||
| 245 | 0 |
_aDevelopmental and physiological pecurliarties in oxytrichid ciliates (Phylum _b Ciliophora; Family oxytrichidae) and its significance in the systematics of the family |
|
| 260 | _c2010 | ||
| 300 |
_a118p. _ap. _ccm. |
||
| 650 | _aZOOLOGY | ||
| 700 |
_a Prof. G. R. Sapra Gu. _9532207 |
||
| 700 |
_a Prof. V. K. Bhasin Gu. _9532209 |
||
| 700 | _aUniversity of Delhi. Faculty of Science. Department of Zoology | ||
| 942 |
_cDIS _2CC |
||
| 999 |
_c871516 _d871516 |
||